El Cincuentenario del Instituto Catalán de Sordomudos 1904-1954 / por los ex-alumnos D. Manuel Martí Falomir y D. Angel Calafell Pijuán, con autorización del director D. Emilio Tortosa Orero
Descripción Física:
58 p. : il. ; 21 cm
MARC
| LEADER | 00000nam a2200000Ia 4500 | ||
|---|---|---|---|
| 001 | 10783 | ||
| 008 | 160829s9999 xx 000 0 cat d | ||
| 080 | |a S-1-163 | ||
| 100 | |a Martí Falomir, Manuel |9 36365 | ||
| 245 | |a El Cincuentenario del Instituto Catalán de Sordomudos 1904-1954 / por los ex-alumnos D. Manuel Martí Falomir y D. Angel Calafell Pijuán, con autorización del director D. Emilio Tortosa Orero | ||
| 260 | |a Barcelona: |b (Gráf. F. Casas), [s.a.] | ||
| 300 | |a 58 p. : |b il. ; |c 21 cm | ||
| 650 | |a Instituto Catalán de Sordomudos de Barcelona |9 36366 | ||
| 650 | |a Sords |x Educació |9 36367 | ||
| 700 | |a Calafell Pijuán, Angel |9 36368 | ||
| 700 | |a Tortosa Orero, Emilio |9 36369 | ||
| 901 | |a Arxiu | ||
| 942 | |n 1 | ||
| 952 | |0 0 |1 0 |4 0 |6 S1163 |7 1 |9 47300 |a Arxiu |b Arxiu |d 2016-12-01 |l 0 |o S-1-163 |p 10783 |r 2016-12-01 00:00:00 |w 2016-12-01 |y ARXIU | ||
| 999 | |c 51097 |d 51097 | ||